Festi Kit / (Registro nro. 32433)
[ vista simple ]
| 000 -CABECERA | |
|---|---|
| campo fijo de control de longitud | 01015nam a22002657a 4500 |
| 001 - NÚMERO DE CONTROL | |
| campo de control | 32433 |
| 003 - IDENTIFICADOR DEL NÚMERO DE CONTROL | |
| campo de control | AR-RoBPED |
| 005 - FECHA Y HORADE LA ULTIMA TRANSACCION | |
| campo de control | 20260318101009.0 |
| 008 - ELEMENTOS DE LONGITUD FIJA--INFORMACION GENERAL | |
| campo fijo de control de longitud | 260317s1995 ag a|||ar|||| 001 0 spa d |
| 020 ## - ISBN | |
| ISBN | 987954500 |
| 040 ## - FUENTE CATALOGADORA | |
| Centro catalogador/agencia de origen | AR-RoBPED |
| 041 ## - IDIOMA | |
| Código de idioma para texto/pista de sonido o título independiente | spa |
| 100 1# - ENCABEZAMIENTO PRINCIPAL--AUTOR PERSONAL | |
| Nombre de persona | Saslavsky, Gabriela |
| 9 (RLIN) | 30602 |
| 245 10 - TITULO | |
| Título | Festi Kit / |
| Mención de responsabilidad | Gabriela Saslavsky ; Miguel Maiorana. |
| 260 ## - PUBLICACION | |
| Lugar | Buenos Aires : |
| Editor | EDA, |
| Fecha | 1995. |
| 300 ## - DESCRIPCION FISICA | |
| Extensión | 252 p. : |
| Otros detalles físicos | il. |
| 500 ## - NOTA GENERAL | |
| Nota general | |
| 505 ## - NOTA DE CONTENIDO | |
| Título | Eje 1: La escuela, los chicos, el maestro -- Eje 2: Los derechos humanos y la paz -- Eje 3: El nacimiento de la Patria y la independencia -- Eje 4: Los hombres y el trabajo -- Eje 5: El medio ambiente y la vida natural -- Eje 6: Los hombres y su cultura -- Eje 7: El tema central del mes |
| 650 #4 - TERMINO DE MATERIA--CONTROLADO | |
| Término controlado | EFEMERIDES |
| 9 (RLIN) | 1365 |
| Término controlado | NIVEL INICIAL |
| 9 (RLIN) | 1213 |
| Término controlado | ACTIVIDADES |
| 9 (RLIN) | 19489 |
| 700 1# - ENCABEZAMIENTO SECUNDARIO--AUTOR PERSONAL | |
| Nombre de persona | Maiorana, Miguel |
| 9 (RLIN) | 30603 |
| 942 ## - ELEMENTOS KOHA | |
| Fuente de clasificación | Universal Decimal Classification |
| Número Koha | K. 32433 |
| Koha tipo de ítem | Libro |
| Clasificación | 372.3 |
| Pre signatura | BM |
| Signatura librística | S 24 |
| Inventario | Inv. 42304 |
| 945 ## - PROCESAMIENTO DE LA INFORMACIÓN LOCAL | |
| Catalogador y fecha | nn 17/03/2026 - cd 18/03/2026 |
| Estado retirado | Estado perdido | Fuente de clasificación | Estado dañado | No se presta | Biblioteca propietaria | Biblioteca de reserva | Fecha de adquisición | Procedencia | Total de préstamos | Signatura topográfica completa | Código de barras (nº de inventario) | Fecha visto por última vez | Catalogador y fecha | Tipo de ítem Koha | Nota pública |
|---|---|---|---|---|---|---|---|---|---|---|---|---|---|---|---|
| Universal Decimal Classification | Biblioteca Pedagógica Eudoro Díaz | Biblioteca Pedagógica Eudoro Díaz | 13/03/2026 | donación | BM 372.3 S 24 | 42304 | 17/03/2026 | nn 17/03/2026 | Libro | Se presta 15 días |